|
|
|
|
| LEADER |
00000nab a2200000 a 4500 |
| 001 |
vtls009088002 |
| 003 |
SK-MaSNL |
| 005 |
20260304152049.0 |
| 008 |
250506c2007 xo |||||||||||000 b|slo |
| 015 |
|
|
|a SNBRB2007/08
|2 snkbucl
|
| 035 |
|
|
|a (uuid)98d358c4-c809-4354-a7e8-985961e40fd2
|
| 035 |
|
|
|a urn:nbn:sk:snk-ab10s9
|
| 035 |
|
|
|a (urnnbn)urn:nbn:sk:snk:ar-a04kwa
|
| 038 |
|
|
|a SNKBUCL
|
| 040 |
|
|
|a SNKBUCL
|b slo
|c SNKBUCL
|e AACR2
|
| 041 |
0 |
|
|a slo
|
| 044 |
|
|
|a xo
|c SK
|
| 080 |
|
|
|a 633.85"324":631.526.3
|2 1997
|
| 080 |
|
|
|a 631.526.3
|2 1997
|
| 100 |
1 |
|
|a Dzubák, Ivan
|4 aut
|9 968045
|
| 245 |
1 |
0 |
|a Líniové odrody ozimnej repky KWS
|c Ivan Dzubák
|
| 300 |
|
|
|b Grafy
|
| 650 |
0 |
7 |
|a ozimná repka olejka
|2 snkbucl
|9 872932
|
| 650 |
0 |
7 |
|a odrody poľnohospodárskych plodín
|2 snkbucl
|9 29318
|
| 773 |
0 |
|
|t Naše pole
|g Roč. XI, č. 7 (2007), s. 51
|x 1335-2466
|
| 850 |
|
|
|a Slovenská národná knižnica
|
| 852 |
|
|
|a Slovenská národná knižnica
|
| 954 |
|
|
|a odborná, vedecká literatúra pôvodná (slovenská)
|2 lita
|
| 958 |
|
|
|a article27
|
| 958 |
|
|
|a OND
|
| 958 |
|
|
|a EUIPO
|
| 999 |
|
|
|c 2947039
|d 2948969
|